Slovakia First Level Subdivisions - Statistics

General Stats
  • This quiz has been taken 391 times
  • The average score is 6 of 8
Answer Stats
Kraje % Correct
Bratislava
98%
Košice
88%
Nitra
71%
Žilina
69%
Prešov
68%
Trnava
66%
Trenčín
64%
Banská Bystrica
60%
No matching quizzes found
Score Distribution
Percent of People with Each Score
Percentile by Number Answered
Your Score History
You have not taken this quiz